La comunidad de Atillo y la conservación de sus páramos : (Registro nro. 3510)

Detalles MARC
000 -CABECERA
Campo de control 01023nam a2200229 a 4500
005 - FECHA Y HORA DE LA ULTIMA TRANSACCION
Campo de control 20150717111450.0
008 - ELEMENTOS DE LONGITUD FIJA—INFORMACION GENERAL
Campo de control 140311b2002 ec ||||| |||| 00| 0 spa d
020 ## - ISBN
ISBN 9978222987
040 ## - FUENTE DE CATALOGACIÓN
Agencia catalogadora original CO-BoIAVH
Agencia transcriptora CO-BoIAVH
041 0# - IDIOMA
Código de idioma para texto/pista de sonido o título separado Español
044 ## - PAÍS DE PUBLICACIÓN
País de publicación Ecuador
082 #4 - NUMERO DE CLASIFICACION DECIMAL DEWEY
Número de clasificación 333.918
Número del ítem B32c
100 1# - ASIENTO PRINCIPAL--NOMBRE PERSONAL
Nombre personal Bastidas, Carlos
9 (RLIN) 20262
245 10 - MENCION DE TITULO
Título La comunidad de Atillo y la conservación de sus páramos :
Parte restante del título experiencias del plan de manejo /
Mención de responsabilidad Carlos Bastidas
260 ## - PUBLICACION, DISTRIBUCION, ETC. (PIE DE IMPRENTA)
Lugar de publicación, distribución, etc. Quito:
Nombre del editor, distribuidor, etc. Abya Yala;
Fecha de publicación, distribución, etc. 2002.
300 ## - DESCRIPCION FISICA
Extensión 64 p.
Otros detalles físicos il., tablas
Dimensiones 21 cm.
490 ## - MENCION DE SERIE
Mención de serie Serie estudios de comunidad y páramo
Designación numérica/secuencial del volumen 3
505 ## - NOTA DE CONTENIDO
Nota de contenido 1. Origen y los métodos del plan de manejo.<br/>2. Los actores del plan de manejo páramo de Atillo.<br/>3. Diagnóstico: naturaleza, sociedad, economía y alternativas de manejo.<br/>4. Zonificación y normas de uso del páramo a través del mapeo participativo.<br/>5. Las lecciones aprendidas en el proceso del plan de manejo.
650 #6 - ASIENTO SECUNDARIO DE MATERIA - TERMINO TEMATICO
Término temático o nombre geográfico como elemento de entrada Páramos
Subdivisión general conservación
Subdivisión geográfica Ecuador
9 (RLIN) 35892
942 ## - ELEMENTOS ADICIONALES (KOHA)
Tipo de ítem Libro
Sistema de clasificación Dewey Decimal Classification
945 ## - PROCESAMIENTO LOCAL
AAAA-MM-DD - Fecha de ingreso o modificacion 2003-11-12
Existencias
Withdrawn status Lost status Sistema de Clasificación Damaged status No para préstamo Colección Inventariado Ubicación Permanente Ubicación actual Fecha de adquisición Fuente de Valor Valor Total Checkouts Número topográfico Inventario / Código de Barras Date last seen Ejemplar Price effective from Forma de adquisición Tipo de material
    Dewey Decimal Classification     General Inventariado 2017 Bogotá Bogotá 17/07/2015 Instituto 15000.00   LB-333.918 B32c 042046 17/07/2015 Ej. 1 17/07/2015   Libro
    Dewey Decimal Classification   No para Préstamo General Inventariado 2017 Sala Fabio Quevedo Sala Fabio Quevedo 04/12/2012 Instituto 15000.00   LB-333.918 B32c 014871 04/12/2012 Ej. 2 04/12/2012   Libro